Jours fériés par dates - Click quiz - Statistiques

Statistiques générales
  • Ce quiz a été pris 365 fois
  • Le résultat moyen est 9 sur 11
Statistiques - réponses
Hint Réponse % Correct
Jour de l'An 1er Janvier
96%
Noël 25 Décembre
95%
Fête nationale 14 juillet
94%
Lundi de Pâques 1 jour après Pâques
91%
Fête du travail 1er Mai
88%
Toussaint 1er Novembre
82%
Armistice de 1918 11 Novembre
81%
Victoire de 1945 8 Mai
79%
Assomption 15 Août
66%
Ascension 39 jours après Pâques
51%
Lundi de Pentecôte 50 jours après Pâques
46%
Aucun quiz correspondant
Distribution des résultats
% des personnes avec chaque résultat
Percentile par nombre de réponses
Votre historique - résultats
Vous n’avez pas pris ce quiz